| 000 | 00841cam a22002411 4500 | ||
|---|---|---|---|
| 001 | w 10000326 | ||
| 003 | DLC | ||
| 005 | 20260227112807.0 | ||
| 008 | 790430s1910 xx 000 0 eng c | ||
| 010 | _aw 10000326 | ||
| 035 | _a(OCoLC)4912103 | ||
| 040 |
_aWashington, D.C. Public Library _cOCl _dDLC |
||
| 042 | _apremarc | ||
| 050 | 0 | 0 |
_aPZ8.G24 _bFo |
| 100 | 1 |
_aGask, Lilian, _d1865- |
|
| 245 | 1 | 0 |
_aFolk tales from many lands; _cretold by Lilian Gask. Illustrations by Willy Pogany. |
| 260 |
_aNew York, _bT.Y. Crowell & company _c[1910] |
||
| 300 |
_aviii, 286, [1] p. incl. illus., plates. _b8 col. pl. (incl. front.) _c22 cm. |
||
| 500 | _aHead and tail pieces, initials, and marginal illustrations. | ||
| 500 | _aOrnamental title and half-title in blue and black. | ||
| 500 | _aOrnamental end-papers. | ||
| 650 | 0 | _aFolklore. | |
| 999 |
_c91978 _d91978 |
||